00473nam a2200157Ia 4500082003100000100002200031245003700053250000800090260004900098300001000147440005300157500002000210650002500230650003000255650003000285 a922.945 KRI-; Issued aKrishnamani, M.N. 0aGodly men and their golden words a2nd aNew DelhibRashtriya Sanskrit Sansthanc1999 a424p. aGolden Jubilee of India's independence series; 5 aContents: Vol.1 aHindu saints - India aSaint - Biography - India aSpiritual life - Hinduism